000 00700nam a2200229 a 4500
003 DO-SdBNP
005 20240412074310.0
007 ta
008 220721e2020 dr ||||gr|||| 00| p spa d
020 _a9789945807271
040 _aDO-SdBNP
_bspa
_cBNPHU
082 4 _222
_bP598m
245 1 0 _aMareas:
_bentre recurrencias y aguas encontradas. /
_cMaría Carla Picón
260 _aSanto Domingo :
_bLuna Insomme,
_c2020
300 _a111 p. ;
_c22 cm.
500 _aIncluye datos biográficos de la autora en la p. 107- 108.
590 _aInventariado 2022 / MF
650 0 _aLiteratura dominicana.
_967
650 4 _aPoesía
_zRepública Dominicana
_982075
910 _aMFeliz
942 _2ddc
_cLBS1
999 _c52213
_d52213